| 000 | 00782nam a2200181Ia 4500 | ||
|---|---|---|---|
| 008 | 090124s9999 xx 000 0 und d | ||
| 082 | _b9159 | ||
| 100 | _aसरदार गंगाधर बाळकृष्ण | ||
| 245 | _a महाराष्ट्राचे उपेक्षित मानकरी | ||
| 250 | _a2 | ||
| 260 |
_bसुनंदा प्रकाशन _c1951 |
||
| 300 | _a188 | ||
| 600 | _aसरदार गंगाधर बाळकृष्ण | ||
| 630 | _a महाराष्ट्राचे उपेक्षित मानकरी | ||
| 700 | _aसरदार गंगाधर बाळकृष्ण | ||
| 730 | _a महाराष्ट्राचे उपेक्षित मानकरी | ||
| 942 | _cBOOK | ||
| 999 |
_c86710 _d86710 |
||